El tanque septico en Costa Rica
Gardado en:
| Autor Principal: | |
|---|---|
| Formato: | Libro |
| Publicado: |
San José, Costa Rica
1993
|
| Materias: | |
| Etiquetas: |
Engadir etiqueta
Sen Etiquetas, Sexa o primeiro en etiquetar este rexistro!
|
MARC
| LEADER | 00000nam a2200000Ia 4500 | ||
|---|---|---|---|
| 003 | 006042 | ||
| 005 | 20221231144318.0 | ||
| 008 | 140114s1993 cr a m 000 ||s d | ||
| 040 | |c cru CEDI | ||
| 090 | |a TFG 2732 | ||
| 100 | |a Mata Solano, Jorge Andrés |9 12173 | ||
| 245 | |a El tanque septico en Costa Rica | ||
| 260 | |c 1993 |a San José, Costa Rica | ||
| 300 | |a [179] hojas : ilustraciones ; 28 cm. | ||
| 500 | |a Proyecto de graduación (licenciatura en ingeniería civil)--Universidad de Costa Rica. Facultad de Ingeniería. Escuela de Ingeniería Civil | ||
| 650 | |x PURIFICACION DE AGUAS RESIDUALES |x DRENAJE |x TANQUES SEPTICOS |9 12174 | ||
| 942 | |c TFG | ||
| 999 | |c 19975 |d 19975 | ||
